000 00335 a2200157 4500
001 71633
020 _a8599007238
040 _cAnchieta - Colégio São Paulo
100 _aGouveia, Luis Augusto
240 1 0 _aCarolina
_lpor
245 1 0 _aCarolina
300 _a39
362 0 _a2005
650 4 _aLiteratura infantil
942 _cBK
999 _c71633
_d71633